Statistics for EastEnders- Max Branning

Click here to take the quiz!

General Stats

  • This quiz has been taken 504 times
    (498 since last reset)
  • The average score is 11 of 19

Answer Stats

HintAnswer% Correct
When he arrived on the square, name the two children he already had with his wifeLauren and Abi
93%
When he arrived on the square, who was his wife?Tanya
92%
Who ran Max over?Lauren
89%
Who accidentally discovered footage of them kissing?Lauren
89%
Name one of his brothersDerek/Jack
85%
Name Max's oldest son, who he has from a previous relationshipBradley
84%
Whats the name of his sons girlfriend, who Max had an affair with?Stacey
83%
Whilst on the square, they had another child. What is their name?Oscar
82%
Who plays Max Branning?Jake Wood
78%
Name one of his sistersCarol/Suzy/April
73%
When was the affair revealed?Christmas Day
61%
Who buried Max alive?Tanya and Sean
53%
Who did Stacey murder and later confided in Max?Archie Mitchell
52%
Name Max's nephew, who is seeing his daughter and also works at the car lotJoey Branning
41%
Who is Max's current wife?Kirsty Branning
25%
Name Max's ex fiancee, who he met after she bought a car from himVanessa Gold
18%
When did he first arrive on the square?27 June 2006
8%
When was this child born?13 December 2007
5%
How does Max's son die?Fell of the roof of the Queen Vic
2%

Score Distribution

Percentile by Number Answered

Percent of People with Each Score

Your Score History

You have not taken this quiz since the last reset